000
00314 a2200133 4500
005
20250620143930.0
082
_a
LM 536 McK
100
_a
McKENZIE, A.E.E.
245
_a
Heat
250
_a
2nd Ed.
260
_a
London,
_b
Cambridge,
_c
1961.
300
_a
viii,160p.: ill.; pictures.
_b
Index.
_c
20cm.
942
_2
ddc
_c
BKS
999
_c
1854
_d
1854